00516nam a22001577a 450000500170000001000150001702000260003203500130005803700130007108200080008410000190009224501210011126000370023227000670026930000220033620160927145219.0 aENG-116114 a9789380847313c450.00 aEN-99646 bDBAD/PUB a485 aGupta,Prashant a The essentials of English grammar :ba strong foundation for good english,speaking and writing /cby Prashant Gupta aNew DelhibAnurag Prakshanc2015 a4760-61,IInd Floor,23 Ansari Road,DaryaganjbNew Delhie110002 av,152p.c23cm(Hb)